The violent home : a study of physical aggression between husbands and wives /

Bibliographic Details
Main Author: Gelles, Richard J.
Format: Book
Language:English
Published: Beverly Hills, Calif. : Sage Publications, [1974]
Series:Sage library of social research ; v. 13.
Subjects:

MARC

Tag First Indicator Second Indicator Subfields
LEADER 00000cam a2200000 i 4500
001 in00000623921
005 20151015050657.0
008 750917c19741972caua b 00110 eng
010 |a  73094288  
020 |a 0803903812 :  |c $10.00. 
020 |a 0803904495 (pbk. :)  |c $6.00 
035 |a (OCoLC)01904859 
035 |9 ACT1383AM 
040 |a DLC  |c DLC  |d OCL  |d TXA  |d UtOrBLW 
043 |a n-us--- 
049 |a TXAM  |c [1418776] 
050 0 0 |a HQ536  |b .G44 1974 
082 0 |a 301.42/7 
100 1 |a Gelles, Richard J. 
245 1 4 |a The violent home :  |b a study of physical aggression between husbands and wives /  |c Richard J. Gelles. 
264 1 |a Beverly Hills, Calif. :  |b Sage Publications,  |c [1974] 
264 4 |c ©1972 
300 |a 230 pages :  |b illustrations ;  |c 22 cm. 
336 |a text  |b txt  |2 rdacontent 
337 |a unmediated  |b n  |2 rdamedia 
338 |a volume  |b nc  |2 rdacarrier 
490 1 |a Sage library of social research ;  |v v. 13 
500 |a Includes indexes. 
504 |a Bibliography: pages 195-202. 
650 0 |a Marital violence. 
650 0 |a Child abuse. 
650 0 |a Wife abuse. 
650 0 |a Aggressiveness  |x Case studies. 
830 0 |a Sage library of social research ;  |v v. 13. 
999 |a MARS 
999 f f |s 3c88e4d8-4b5e-3759-b949-80844e87de24  |i f30dbab8-3da0-306f-9900-c6cd6a50e243  |t 0 
952 f f |p normal  |a Texas A&M University  |b College Station  |c Sterling C. Evans Library  |d Evans: Library Stacks  |t 0  |e HQ536 .G44 1974  |h Library of Congress classification  |i unmediated -- volume  |m A14802958387 
998 f f |a HQ536 .G44 1974  |t 0  |l Evans: Library Stacks